000
00331nam a22001337a 4500
008
170823b xxu||||| |||| 00| 0 eng d
020
_a
0716717042
041
_a
eng
080
_a
311
100
_a
38
101
_a
STA
245
_a
MULTIPLE REGRESSION AND THE ANALYSIS OF VARIANCE AND COVARIANCE
_c
EDWARDS,A.L
942
_2
udc
_c
BK
999
_c
24608
_d
24608